000 01117nam a2200301 a 4500
001 ebr10563564
003 CaPaEBR
006 m u
007 cr cn|||||||||
008 120607s2012 enk s 000 d eng d
020 _z184816937X
020 _z9781848169388 (pbk.)
020 _z1848169388 (pbk.)
020 _z9781848169371
020 _z9781848169395 (e-book)
040 _aCaPaEBR
_cCaPaEBR
035 _a(OCoLC)794706790
050 1 4 _aPS3554.J47
_bC44 2012eb
100 1 _aDjerassi, Carl.
245 1 0 _aChemistry in theatre
_h[electronic resource] :
_binsufficiency, phallacy or both /
_cCarl Djerassi.
260 _aLondon :
_bImperial College Press,
_c2012.
300 _axx, 112 p.
533 _aElectronic reproduction.
_bPalo Alto, Calif. :
_cebrary,
_d2011.
_nAvailable via World Wide Web.
_nAccess may be limited to ebrary affiliated libraries.
650 0 _aScience
_vDrama.
655 7 _aElectronic books.
_2local
710 2 _aebrary, Inc.
856 4 0 _uhttp://site.ebrary.com/lib/rucke/Doc?id=10563564
_zAn electronic book accessible through the World Wide Web; click to view
999 _c192288
_d192288